Statistics for Word Ladder #14 – Air Travel

Click here to take the quiz!

General Stats

  • This quiz has been taken 581 times
  • The average score is 10 of 19

Answer Stats

HintAnswer% Correct
Who steers the airplane?Pilot
84%
____ and ye shall find.Seek
82%
Get on a plane.Board
80%
Julian Assange’s Wiki____s.Leak
72%
Voting paper.Ballot
71%
The “S” in TSA.Security
61%
Roof of the mouth.Palate
54%
“The Men Who Stare At ____s.”Goat
48%
Artificial curls.Perm
47%
Plane parking spot.Gate
46%
Emerson, ____ and Palmer.Lake
46%
“Gomer ____, U.S.M.C.”Pyle
45%
Fictional Kazakh character.Borat
44%
Prod into action.Goad
41%
“The ____, Great Planet Earth”Late
34%
U.S. Senator’s 6, U.S. President’s 4.Term
33%
What a maraca is made of.Gourd
32%
Country comic Minnie.Pearl
31%
Plane’s final destination.Terminal
20%

Score Distribution

Percentile by Number Answered

Percent of People with Each Score

Your Score History

You have not taken this quiz